000 00939nam a22002777a 4500
003 CHAP
005 20220817041911.0
008 971013s1974 mx r 00010 spa d
010 _a28171
011 _a29143
035 _a33254
040 _cCHAP
082 0 4 _a630.16
_bC6
110 2 _aConsejo Nacional de Ciencia y Tecnología. México
245 1 0 _aAcervo básico para bibliotecas de escuelas de agricultura :
_blista preliminar
260 _aMéxico, D. F. :
_bDirección de Servicios de Información y Documentación,
_c1974
300 _a206 p.
590 _aBATCH-UPD
_b10
_c20130110
_lUCH01
_h2018
590 _aBATCH-UPD
_b10
_c20130410
_lUCH01
_h1336
590 _aCONVERSION
_b10
_c20130109
_lUCH01
_h1316
650 1 4 _aAgricultura
_xBibliografia.
_91321
650 1 4 _aAgricultura
_xLibros de texto
_xBibliografia.
_91730
901 _aBK
942 _cLIBRO
949 _a630.16 C6
_bBC
_cC
_d33724000499547
_eC
_h30631
_i33254
_mD
_si
999 _c28171
_d28171